00948 a2200265 4500003000400000005001700004008004100021020001800062040000900080082002700089245015100116250002200267264003300289300006300322490002200385504003800407650003200445650004000477650003400517700002300551700002200574700002500596700002500621830003600646OSt20230829140556.0230218s2017 mx ad||f |||| 001 0 spa d a9786076229347 cCHAP00222a658.7882bC12 201703aLa cadena de suministro /ccoordinado por Federico Sabrià; con la colaboración de Arturo T. de Zan, Aurelia Fernández y Juan Carlos Pascual aTercera edición aMéxico:bAlfaomega,c2017. a208 páginas:bIlustraciones, cuadros, gráficas, tablas1 aAdministración. aIncluye índice y bibliografía 4aAdministración industrial 4aAdministración de la producción 4aLogística en los negocios 1 aSabrià, Federico1 aDe Zan, Arturo T.1 aFernández, Aurelia1 aPascual, Juan Carlos aAdministración.pLogística.